[Event "37. Copenhagen Open (Politiken Cup)"]
[Site "Elsinore"]
[Date "2015.08.01"]
[Round "9"]
[White "Weishaeutel, Moritz"]
[Black "Brorsen, Jacob Abildlund"]
[Result "1/2-1/2"]
[WhiteElo "1926"]
[BlackElo "2110"]
[PlyCount "102"]
[EventDate "2015.07.25"]
[EventType "swiss"]
[EventRounds "10"]
[EventCountry "DEN"]
[Source "ChessBase"]
[SourceDate "2015.09.14"]

1. e4 e5 2. Nf3 Nc6 3. Bb5 a6 4. Ba4 Nf6 5. O-O Be7 6. d3 b5 7. Bb3 d6 8. c3
O-O 9. Re1 Na5 10. Bc2 c5 11. Nbd2 Re8 12. Nf1 Bf8 13. Bg5 h6 14. Bh4 g5 15.
Bg3 Bg7 16. d4 Nh5 17. dxc5 Nxg3 18. Nxg3 dxc5 19. Qxd8 Rxd8 20. Rad1 Be6 21.
Nf5 f6 22. a4 Bf8 23. Rxd8 Rxd8 24. Rd1 Rxd1+ 25. Bxd1 Nc4 26. axb5 axb5 27. b3
Na3 28. Nd2 c4 29. bxc4 bxc4 30. Be2 Kf7 31. Bh5+ Kg8 32. Be2 Nb5 33. Bxc4 Bxc4
34. Nxc4 Nxc3 35. f3 Bc5+ 36. Kf1 h5 37. Nce3 Kf7 38. Nd5 Nd1 39. Ke2 Nb2 40.
g4 hxg4 41. Nh6+ Ke6 42. fxg4 Be7 43. Nxe7 Kxe7 44. h4 gxh4 45. Nf5+ Kf7 46.
Nxh4 Nc4 47. Nf3 Kg6 48. Kd3 Nd6 49. g5 fxg5 50. Nxe5+ Kh5 51. Ke3 Nxe4 1/2-1/2

[Event "37. Copenhagen Open (Politiken Cup)"]
[Site "Elsinore"]
[Date "2015.08.01"]
[Round "9"]
[White "Westerlund, Ola"]
[Black "Vovk, Oksana"]
[Result "0-1"]
[WhiteElo "1869"]
[BlackElo "2127"]
[PlyCount "70"]
[EventDate "2015.07.25"]
[EventType "swiss"]
[EventRounds "10"]
[EventCountry "DEN"]
[Source "ChessBase"]
[SourceDate "2015.09.14"]

1. d4 d5 2. c4 dxc4 3. Nf3 Nf6 4. e3 e6 5. Bxc4 a6 6. Bb3 c5 7. O-O Nc6 8. Qe2
Qc7 9. Rd1 Be7 10. Nc3 O-O 11. e4 cxd4 12. Nxd4 b5 13. Nxc6 Qxc6 14. e5 Nd7 15.
Bf4 Bb7 16. f3 Nc5 17. Bc2 Rfd8 18. Ne4 Nxe4 19. Bxe4 Qb6+ 20. Be3 Bc5 21. Bxc5
Qxc5+ 22. Kf1 Bxe4 23. Qxe4 Rac8 24. f4 h6 25. Qe2 Rd4 26. Rxd4 Qxd4 27. g3 Qd5
28. Kg1 Rd8 29. a3 Qd4+ 30. Kg2 Qd2 31. Re1 h5 32. Kf1 Qd5 33. Qxh5 Qh1+ 34.
Ke2 Qg2+ 35. Ke3 Qd2+ 0-1

[Event "37. Copenhagen Open (Politiken Cup)"]
[Site "Elsinore"]
[Date "2015.08.01"]
[Round "9"]
[White "Wiberg, Jonas"]
[Black "Wadstensvik, Petter Andreas"]
[Result "1-0"]
[WhiteElo "1805"]
[BlackElo "1658"]
[PlyCount "77"]
[EventDate "2015.07.25"]
[EventType "swiss"]
[EventRounds "10"]
[EventCountry "DEN"]
[Source "ChessBase"]
[SourceDate "2015.09.14"]

1. d4 d5 2. Nf3 Nf6 3. Bf4 e6 4. e3 Bd6 5. Bg5 Nbd7 6. c4 O-O 7. Nc3 c6 8. Rc1
h6 9. Bh4 Re8 10. Bd3 dxc4 11. Bxc4 e5 12. e4 exd4 13. Qxd4 Qc7 14. O-O c5 15.
Qd3 Ne5 16. Nxe5 Bxe5 17. Bg3 Bxg3 18. hxg3 Qe5 19. Rfe1 Ng4 20. f3 Nf6 21. Kf2
Be6 22. Bxe6 Qxe6 23. e5 Red8 24. Qe2 Nd5 25. Nb5 Qg6 26. f4 Nb4 27. Nd6 Nd3+
28. Kg1 Nxc1 29. Rxc1 Rxd6 30. exd6 Qxd6 31. Rd1 Qb6 32. Kh2 Rd8 33. Re1 Qe6
34. Qf2 Qxa2 35. Qxc5 Qxb2 36. Re7 Qd4 37. Qc7 Qd5 38. g4 Qd6 39. Re8+ 1-0

[Event "37. Copenhagen Open (Politiken Cup)"]
[Site "Elsinore"]
[Date "2015.08.01"]
[Round "9"]
[White "Yilmaz, Kazim"]
[Black "Langvik, Ulrikke"]
[Result "1/2-1/2"]
[WhiteElo "1612"]
[BlackElo "1405"]
[PlyCount "55"]
[EventDate "2015.07.25"]
[EventType "swiss"]
[EventRounds "10"]
[EventCountry "DEN"]
[Source "ChessBase"]
[SourceDate "2015.09.14"]

1. Nf3 d5 2. d4 Bf5 3. e3 Nf6 4. Bd3 Bg4 5. Be2 Nc6 6. Ne5 Nxe5 7. dxe5 Bxe2 8.
Qxe2 Nd7 9. f4 e6 10. c4 c6 11. cxd5 cxd5 12. e4 Bb4+ 13. Bd2 Bxd2+ 14. Nxd2
dxe4 15. Nxe4 O-O 16. O-O Qb6+ 17. Qf2 Qc6 18. Qf3 Qb6+ 19. Qf2 Qb4 20. Qe2
Rfd8 21. a3 Qd4+ 22. Kh1 Nb6 23. Rfd1 Qc4 24. Qxc4 Nxc4 25. Nd6 Nxb2 26. Rdb1
Nd3 27. Nxb7 Rd7 28. g3 1/2-1/2

[Event "37. Copenhagen Open (Politiken Cup)"]
[Site "Elsinore"]
[Date "2015.08.01"]
[Round "9"]
[White "Zude, Erik"]
[Black "Kunin, Vitaly L"]
[Result "0-1"]
[WhiteElo "2398"]
[BlackElo "2576"]
[PlyCount "76"]
[EventDate "2015.07.25"]
[EventType "swiss"]
[EventRounds "10"]
[EventCountry "DEN"]
[Source "ChessBase"]
[SourceDate "2015.09.14"]

1. d4 d6 2. Nf3 Nf6 3. c4 Nbd7 4. Nc3 e5 5. e4 Be7 6. Be2 O-O 7. O-O c6 8. Be3
a6 9. d5 cxd5 10. cxd5 b5 11. Nd2 Ne8 12. b4 Bg5 13. Bxg5 Qxg5 14. Nb3 Nb6 15.
Qc1 Qd8 16. Qe3 f5 17. f3 Nf6 18. Na5 Bd7 19. exf5 Kh8 20. Qd2 Bxf5 21. Kh1 Qd7
22. Bd1 Nh5 23. a4 Nf4 24. g3 Nd3 25. Be2 Nc4 26. Nxc4 bxc4 27. Ne4 Bxe4 28.
fxe4 Nf2+ 29. Kg2 Qh3+ 30. Kg1 Nxe4 31. Qe3 Nf6 32. Bxc4 Ng4 33. Qe2 e4 34.
Bxa6 Rf3 35. Bb5 Raf8 36. Qg2 Qh6 37. Rae1 Rf2 38. Kh1 g6 0-1

[Event "37. Copenhagen Open (Politiken Cup)"]
[Site "Elsinore"]
[Date "2015.08.01"]
[Round "9"]
[White "Zyde, Fadmal"]
[Black "Rolvag, Birk Anders"]
[Result "0-1"]
[WhiteElo "1667"]
[BlackElo "1970"]
[PlyCount "84"]
[EventDate "2015.07.25"]
[EventType "swiss"]
[EventRounds "10"]
[EventCountry "DEN"]
[Source "ChessBase"]
[SourceDate "2015.09.14"]

1. e4 c6 2. d4 d5 3. e5 Bf5 4. Bd3 Bxd3 5. Qxd3 Qa5+ 6. Bd2 Qa6 7. Qe3 e6 8.
Ne2 Ne7 9. g4 Nd7 10. b4 b6 11. a4 h5 12. g5 Nf5 13. Qf4 c5 14. b5 Qb7 15. c3
g6 16. Ng3 Ne7 17. Be3 h4 18. Ne2 Nf5 19. Nd2 Rc8 20. Nf3 cxd4 21. Nfxd4 Rc4
22. Qf3 Nxe5 23. Qh3 Nxe3 24. Qxe3 Bg7 25. f4 Nd7 26. Nc6 Re4 27. Qf3 Nb8 28.
Ncd4 Nd7 29. O-O Nc5 30. Kg2 Qd7 31. Rfe1 f5 32. gxf6 Bxf6 33. Qg4 Kf7 34. Nc6
Nd3 35. Rf1 g5 36. Qf3 Rxe2+ 37. Qxe2 Nxf4+ 38. Rxf4 gxf4 39. Rb1 Rg8+ 40. Kh3
Rg5 41. Qd3 Kg7 42. Qd2 e5+ 0-1

[Event "37. Copenhagen Open (Politiken Cup)"]
[Site "Elsinore"]
[Date "2015.08.02"]
[Round "10"]
[White "Adan Bermudez, Sergio"]
[Black "Boukhris, Yacine"]
[Result "0-1"]
[WhiteElo "2402"]
[BlackElo "2163"]
[PlyCount "70"]
[EventDate "2015.07.25"]
[EventType "swiss"]
[EventRounds "10"]
[EventCountry "DEN"]
[Source "ChessBase"]
[SourceDate "2015.09.14"]

1. Nf3 Nf6 2. g3 g6 3. Bg2 Bg7 4. O-O O-O 5. c4 d6 6. Nc3 e5 7. d3 Nc6 8. Rb1
a5 9. a3 Nh5 10. b4 axb4 11. axb4 h6 12. e4 Be6 13. h3 Qd7 14. Kh2 Kh7 15. Nd5
Ne7 16. b5 Nc8 17. Nh4 c6 18. bxc6 bxc6 19. Be3 Qd8 20. Nb4 c5 21. Nd5 Bxd5 22.
cxd5 Nf4 23. Bf3 Ra3 24. Rb3 Rxb3 25. Qxb3 Qf6 26. Bd1 h5 27. Nf3 g5 28. gxf4
exf4 29. Bd2 g4 30. Ne1 Qh4 31. Bxf4 Qxh3+ 32. Kg1 Bd4 33. Be3 Be5 34. f4 Qxe3+
35. Kh1 Qh3+ 0-1

[Event "37. Copenhagen Open (Politiken Cup)"]
[Site "Elsinore"]
[Date "2015.08.02"]
[Round "10"]
[White "Antonsen, Mikkel"]
[Black "Pantzar, Milton"]
[Result "1-0"]
[WhiteElo "2469"]
[BlackElo "2098"]
[PlyCount "101"]
[EventDate "2015.07.25"]
[EventType "swiss"]
[EventRounds "10"]
[EventCountry "DEN"]
[Source "ChessBase"]
[SourceDate "2015.09.14"]

1. d4 Nf6 2. Nf3 g6 3. c4 c5 4. d5 b5 5. cxb5 a6 6. b6 Qxb6 7. Nc3 d6 8. e4 Bg7
9. Be2 O-O 10. O-O a5 11. a4 Ba6 12. Nd2 Nbd7 13. Bxa6 Qxa6 14. Nb5 Ne8 15. Nc4
Nb6 16. Nca3 Qb7 17. Qc2 Nc8 18. Bd2 Na7 19. Nxa7 Qxa7 20. Nc4 Qc7 21. Ra3 Nf6
22. Rb3 Rfb8 23. Bxa5 Qa7 24. Rb5 Nd7 25. b3 Qa6 26. Rxb8+ Rxb8 27. f4 Bd4+ 28.
Kh1 Nf6 29. Rf3 Ng4 30. Be1 Ne3 31. Nxe3 Bxe3 32. Bc3 Bd4 33. Bxd4 cxd4 34. h3
Rc8 35. Qd2 Qb6 36. Kh2 Rb8 37. f5 Qc5 38. h4 Rc8 39. fxg6 hxg6 40. Qf4 f6 41.
Qh6 Kf7 42. Qh7+ Ke8 43. Qg8+ Kd7 44. Qe6+ Kc7 45. Qxe7+ Kb8 46. Qxf6 Qb4 47.
e5 dxe5 48. Qxe5+ Ka8 49. d6 d3 50. Rxd3 Qxh4+ 51. Rh3 1-0

[Event "37. Copenhagen Open (Politiken Cup)"]
[Site "Elsinore"]
[Date "2015.08.02"]
[Round "10"]
[White "Bijlsma, Nick"]
[Black "Sigeman, Johan"]
[Result "1/2-1/2"]
[WhiteElo "2298"]
[BlackElo "2138"]
[PlyCount "54"]
[EventDate "2015.07.25"]
[EventType "swiss"]
[EventRounds "10"]
[EventCountry "DEN"]
[Source "ChessBase"]
[SourceDate "2015.09.14"]

1. e4 e5 2. Nf3 Nc6 3. Bb5 a6 4. Ba4 Nf6 5. Qe2 b5 6. Bb3 Be7 7. c3 O-O 8. O-O
d5 9. d3 Bb7 10. Nbd2 Re8 11. a3 Bf8 12. Re1 h6 13. exd5 Na5 14. Ba2 Bxd5 15.
c4 e4 16. dxe4 Nxc4 17. Nxc4 Bxc4 18. Bxc4 Rxe4 19. Bxf7+ Kxf7 20. Qc2 Rxe1+
21. Nxe1 c5 22. Be3 c4 23. Nf3 Qd5 24. Rd1 Qe4 25. Qd2 Re8 26. h3 Kg8 27. Qa5
Qb7 1/2-1/2

[Event "37. Copenhagen Open (Politiken Cup)"]
[Site "Elsinore"]
[Date "2015.08.02"]
[Round "10"]
[White "Bjerre, Tavs"]
[Black "Hoyer, Jacob K"]
[Result "0-1"]
[WhiteElo "2059"]
[BlackElo "2202"]
[PlyCount "62"]
[EventDate "2015.07.25"]
[EventType "swiss"]
[EventRounds "10"]
[EventCountry "DEN"]
[Source "ChessBase"]
[SourceDate "2015.09.14"]

1. d4 Nf6 2. c4 g6 3. Nc3 d5 4. Nf3 Bg7 5. Qb3 dxc4 6. Qxc4 O-O 7. e4 a6 8. Be2
b5 9. Qb3 Nc6 10. d5 Na5 11. Qa3 c6 12. dxc6 Be6 13. O-O Nxc6 14. Rd1 Qb8 15.
Nd5 Nxe4 16. Nxe7+ Nxe7 17. Qxe7 Qc8 18. Nd4 Re8 19. Qh4 Bc4 20. Bxc4 Qxc4 21.
Be3 Rad8 22. b3 Qc3 23. Rac1 Qb2 24. Nc6 Rxd1+ 25. Rxd1 Qc2 26. Rc1 Qd3 27. Qg4
Nc3 28. Nb4 Qe2 29. Qg5 a5 30. Nd5 Nxd5 31. Qxd5 Rxe3 0-1

[Event "37. Copenhagen Open (Politiken Cup)"]
[Site "Elsinore"]
[Date "2015.08.02"]
[Round "10"]
[White "Buchal, Stephan"]
[Black "Delorme, Axel"]
[Result "1/2-1/2"]
[WhiteElo "2267"]
[BlackElo "2484"]
[PlyCount "94"]
[EventDate "2015.07.25"]
[EventType "swiss"]
[EventRounds "10"]
[EventCountry "DEN"]
[Source "ChessBase"]
[SourceDate "2015.09.14"]

1. c4 e6 2. g3 d5 3. Nf3 d4 4. e3 c5 5. exd4 cxd4 6. Bg2 Nc6 7. O-O Nf6 8. d3
Bd6 9. Bg5 h6 10. Bxf6 Qxf6 11. Nbd2 Qe7 12. a3 a5 13. Ne4 Bc7 14. b4 f5 15.
Nc5 O-O 16. Rb1 e5 17. Re1 Qf6 18. b5 Nd8 19. Na4 Nf7 20. c5 Rb8 21. Nb2 b6 22.
cxb6 Bxb6 23. Nc4 Re8 24. Nxb6 Qxb6 25. a4 Bb7 26. Rc1 Rbd8 27. Nd2 Bxg2 28.
Kxg2 Qb7+ 29. Qf3 e4 30. dxe4 Ne5 31. Qb3+ Kh8 32. Kg1 fxe4 33. Rxe4 d3 34. Re3
Re7 35. Rce1 Rde8 36. Qd1 Qd7 37. Qh5 Qd4 38. Qf5 Qc3 39. Ne4 Qb4 40. Nf6 g6
41. Qf4 Qxf4 42. gxf4 Nf3+ 43. Kf1 d2 44. Rd1 Rxe3 45. fxe3 Rxe3 46. Kf2 Rb3
47. Ne4 Nxh2 1/2-1/2

[Event "37. Copenhagen Open (Politiken Cup)"]
[Site "Elsinore"]
[Date "2015.08.02"]
[Round "10"]
[White "Carstensen, Jacob"]
[Black "Skjoldager, Per"]
[Result "1/2-1/2"]
[WhiteElo "2336"]
[BlackElo "2170"]
[PlyCount "37"]
[EventDate "2015.07.25"]
[EventType "swiss"]
[EventRounds "10"]
[EventCountry "DEN"]
[Source "ChessBase"]
[SourceDate "2015.09.14"]

1. d4 Nf6 2. c4 e6 3. Nc3 d5 4. cxd5 exd5 5. Bg5 Be7 6. e3 O-O 7. Bd3 Nbd7 8.
Nf3 c6 9. Qc2 h6 10. Bh4 Re8 11. h3 Ne4 12. Bxe4 Bxh4 13. Bh7+ Kh8 14. O-O-O
Bxf2 15. Qxf2 Kxh7 16. g4 Qe7 17. Rde1 Nf6 18. Ne5 Be6 19. Kb1 1/2-1/2

[Event "37. Copenhagen Open (Politiken Cup)"]
[Site "Elsinore"]
[Date "2015.08.02"]
[Round "10"]
[White "Chabanon, Jean Luc"]
[Black "Kollars, Dmitrij"]
[Result "1/2-1/2"]
[WhiteElo "2493"]
[BlackElo "2437"]
[PlyCount "99"]
[EventDate "2015.07.25"]
[EventType "swiss"]
[EventRounds "10"]
[EventCountry "DEN"]
[Source "ChessBase"]
[SourceDate "2015.09.14"]

1. d4 Nf6 2. c4 g6 3. Nc3 Bg7 4. e4 d6 5. Nf3 O-O 6. Be2 Bg4 7. Be3 Nfd7 8. Ng1
Bxe2 9. Ngxe2 c5 10. Qd2 cxd4 11. Nxd4 Nc6 12. b3 Qa5 13. Rd1 Rac8 14. O-O Rfe8
15. Nde2 a6 16. a4 Qb4 17. Rb1 Nf6 18. f3 e6 19. Rfd1 Rcd8 20. Bf2 Rd7 21. Qe3
Red8 22. Qb6 Nh5 23. Qxb4 Nxb4 24. g3 f5 25. Bb6 Rc8 26. Rd2 Nf6 27. Rbd1 Ne8
28. Bd4 Rf7 29. Bxg7 Kxg7 30. Nf4 e5 31. Nfd5 Nxd5 32. Nxd5 fxe4 33. fxe4 Rf3
34. Rb1 Rc6 35. Kg2 Rf7 36. Rbd1 Kf8 37. Rf1 Rxf1 38. Kxf1 Kg7 39. Ke2 Nf6 40.
Nxf6 Kxf6 41. a5 b6 42. axb6 Rxb6 43. Rd3 Kg5 44. h3 h5 45. Rf3 h4 46. gxh4+
Kxh4 47. Kd2 g5 48. Kc3 a5 49. Rd3 g4 50. hxg4 1/2-1/2

[Event "37. Copenhagen Open (Politiken Cup)"]
[Site "Elsinore"]
[Date "2015.08.02"]
[Round "10"]
[White "Christensen, Bo Garner"]
[Black "Lobersli, Henrik Oie"]
[Result "1-0"]
[WhiteElo "2215"]
[BlackElo "2034"]
[PlyCount "129"]
[EventDate "2015.07.25"]
[EventType "swiss"]
[EventRounds "10"]
[EventCountry "DEN"]
[Source "ChessBase"]
[SourceDate "2015.09.14"]

1. e4 e5 2. Nf3 Nc6 3. Nc3 Nf6 4. Bb5 Nd4 5. Bc4 Bc5 6. Nxe5 Qe7 7. Nd3 Bb6 8.
O-O O-O 9. e5 Ne8 10. Nd5 Qh4 11. Nxb6 axb6 12. c3 Ne6 13. f4 d6 14. g3 Qe7 15.
Qe2 dxe5 16. fxe5 c5 17. Nf2 Bd7 18. d3 b5 19. Bb3 f6 20. Ne4 Kh8 21. exf6 Nxf6
22. Ng5 Rae8 23. Bxe6 h6 24. Qg2 Bxe6 25. Nxe6 Qxe6 26. Qxb7 Ng4 27. Qg2 Ne3
28. Bxe3 Qxe3+ 29. Kh1 Qxd3 30. Rxf8+ Rxf8 31. Re1 Qc4 32. a3 b4 33. Qe4 Qb5
34. axb4 cxb4 35. c4 Qc5 36. b3 Qf2 37. Qe3 Qb2 38. Kg1 Rd8 39. c5 Rd2 40. Qf4
Re2 41. Rxe2 Qxe2 42. Qc1 Qd3 43. c6 Qd4+ 44. Kf1 Qd3+ 45. Kf2 Qf5+ 46. Kg1 Qe4
47. c7 Qd4+ 48. Kf1 Qd3+ 49. Kf2 Qd4+ 50. Qe3 Qb2+ 51. Kf3 Qf6+ 52. Qf4 Qc6+
53. Kf2 Qc2+ 54. Kf1 Qd1+ 55. Kg2 Qe2+ 56. Kh3 Qh5+ 57. Kg2 Qe2+ 58. Qf2 Qe4+
59. Kh3 Qe6+ 60. g4 Qxb3+ 61. Kh4 Qg8 62. Qf5 g5+ 63. Kh5 Qe8+ 64. Kxh6 Qc6+
65. Qg6 1-0

[Event "37. Copenhagen Open (Politiken Cup)"]
[Site "Elsinore"]
[Date "2015.08.02"]
[Round "10"]
[White "De Strycker, Nathan"]
[Black "Rosenkilde, Alexander"]
[Result "1-0"]
[WhiteElo "2097"]
[BlackElo "2225"]
[PlyCount "71"]
[EventDate "2015.07.25"]
[EventType "swiss"]
[EventRounds "10"]
[EventCountry "DEN"]
[Source "ChessBase"]
[SourceDate "2015.09.14"]

1. Nf3 Nf6 2. g3 d5 3. Bg2 Bf5 4. O-O e6 5. d3 h6 6. Nbd2 Be7 7. Qe1 O-O 8. e4
Bh7 9. Qe2 c5 10. Ne5 Nbd7 11. Nxd7 Qxd7 12. e5 Ne8 13. f4 b5 14. g4 Rc8 15.
Nf3 d4 16. g5 hxg5 17. fxg5 c4 18. Bf4 cxd3 19. cxd3 Nc7 20. Nd2 Nd5 21. Ne4
Nxf4 22. Rxf4 Bxe4 23. Bxe4 g6 24. h4 Rc5 25. Bg2 Qc7 26. Re1 Rxe5 27. Qxe5 Bd6
28. Rxf7 Qxf7 29. Qxe6 Bg3 30. Bd5 Kg7 31. Qe7 Qxe7 32. Rxe7+ Kh8 33. h5 Rf5
34. Re8+ Kh7 35. Bg8+ Kg7 36. h6+ 1-0

[Event "37. Copenhagen Open (Politiken Cup)"]
[Site "Elsinore"]
[Date "2015.08.02"]
[Round "10"]
[White "Ekeberg, Carl Fredrik"]
[Black "Formanek, Edward W"]
[Result "1/2-1/2"]
[WhiteElo "2267"]
[BlackElo "2121"]
[PlyCount "33"]
[EventDate "2015.07.25"]
[EventType "swiss"]
[EventRounds "10"]
[EventCountry "DEN"]
[Source "ChessBase"]
[SourceDate "2015.09.14"]

1. c4 e5 2. g3 d6 3. Bg2 g6 4. d4 Bg7 5. dxe5 dxe5 6. Qxd8+ Kxd8 7. Nc3 c6 8.
b3 Be6 9. Ba3 Nd7 10. Ne4 f6 11. O-O-O Kc7 12. Bd6+ Kc8 13. Bh3 Bxh3 14. Nxh3
Nh6 15. Nc5 Nxc5 16. Bxc5 Rd8 17. Rxd8+ 1/2-1/2

[Event "37. Copenhagen Open (Politiken Cup)"]
[Site "Elsinore"]
[Date "2015.08.02"]
[Round "10"]
[White "Eriksson, Christian Altenburg"]
[Black "Nilssen, John Arni"]
[Result "1/2-1/2"]
[WhiteElo "2175"]
[BlackElo "2285"]
[PlyCount "109"]
[EventDate "2015.07.25"]
[EventType "swiss"]
[EventRounds "10"]
[EventCountry "DEN"]
[Source "ChessBase"]
[SourceDate "2015.09.14"]

1. e4 c5 2. c3 Nf6 3. e5 Nd5 4. d4 cxd4 5. Nf3 e6 6. cxd4 b6 7. Bc4 Bb7 8. O-O
Be7 9. Bxd5 Bxd5 10. Nc3 Bc4 11. Re1 O-O 12. Qa4 Qc8 13. Bf4 Qc6 14. Qd1 Bd5
15. Rc1 Qb7 16. Re3 f5 17. exf6 Bxf6 18. Bd6 Re8 19. Ne5 Nc6 20. Qh5 Bxe5 21.
dxe5 Ne7 22. Rh3 Be4 23. Qh4 Bf5 24. Bxe7 Bxh3 25. gxh3 Rac8 26. Bd6 b5 27. Re1
Rc4 28. Re4 Rec8 29. Qf4 h6 30. Rxc4 Rxc4 31. Qf8+ Kh7 32. Qf7 Rc8 33. Bf8 Rxf8
34. Qxf8 b4 35. Nd1 Qe4 36. Qd6 a5 37. Qxd7 Qxe5 38. Qd3+ Kh8 39. a3 Qg5+ 40.
Kf1 Qf4 41. Kg1 Qg5+ 42. Kh1 Qf4 43. axb4 axb4 44. b3 e5 45. f3 Qh4 46. Kg2
Qg5+ 47. Kf1 Qf4 48. Nf2 Qc1+ 49. Ke2 Qc7 50. Qc4 Qd6 51. Ne4 Qf8 52. Nf2 Qb8
53. Nd3 e4 54. fxe4 Qxh2+ 55. Nf2 1/2-1/2

[Event "37. Copenhagen Open (Politiken Cup)"]
[Site "Elsinore"]
[Date "2015.08.02"]
[Round "10"]
[White "Fernandez, Daniel Howard"]
[Black "Nielsen, Hogni Egilstoft"]
[Result "1-0"]
[WhiteElo "2472"]
[BlackElo "2338"]
[PlyCount "131"]
[EventDate "2015.07.25"]
[EventType "swiss"]
[EventRounds "10"]
[EventCountry "DEN"]
[Source "ChessBase"]
[SourceDate "2015.09.14"]

1. Nf3 Nf6 2. c4 g6 3. d4 Bg7 4. g3 d6 5. Bg2 c6 6. O-O O-O 7. Nc3 Nbd7 8. Bg5
Qc7 9. b4 e5 10. Qb3 h6 11. Bxf6 Nxf6 12. e3 Be6 13. d5 cxd5 14. cxd5 Bd7 15.
Nd2 Rac8 16. Rfc1 Qb8 17. a3 Nh7 18. Ne2 f5 19. Rxc8 Rxc8 20. e4 f4 21. Rc1 g5
22. Rxc8+ Qxc8 23. Bf1 Bf6 24. Nc3 Kf8 25. Nc4 Be7 26. a4 Nf6 27. Nd2 Bd8 28.
a5 Ne8 29. f3 b6 30. a6 b5 31. Bxb5 Bxb5 32. Nxb5 fxg3 33. hxg3 Qh3 34. Kf2
Bb6+ 35. Ke2 Qxg3 36. Qc4 Qf2+ 37. Kd1 Be3 38. Qe2 Qg1+ 39. Qf1 Qh2 40. Qe2
Qg1+ 41. Qe1 Ke7 42. Nc4 Bf2 43. Qxg1 Bxg1 44. Na5 Kd7 45. Nc6 Nc7 46. Nbxa7
Nxa6 47. Nb5 h5 48. Ke2 g4 49. fxg4 hxg4 50. Nc3 Kc7 51. Nb5+ Kd7 52. Nc3 Kc7
53. Na4 Kb7 54. Kf1 Be3 55. b5 Nc5 56. Na5+ Ka7 57. Nxc5 Bxc5 58. Nc4 g3 59.
Kg2 Bf2 60. Kf3 Kb7 61. Nxd6+ Kb6 62. Nc4+ Kxb5 63. Nxe5 Bd4 64. Ng4 Kc4 65.
Kxg3 Kd3 66. Kf4 1-0

[Event "37. Copenhagen Open (Politiken Cup)"]
[Site "Elsinore"]
[Date "2015.08.02"]
[Round "10"]
[White "Fossan, Petter"]
[Black "Lien, Kjell Hakon"]
[Result "1/2-1/2"]
[WhiteElo "2308"]
[BlackElo "2133"]
[PlyCount "81"]
[EventDate "2015.07.25"]
[EventType "swiss"]
[EventRounds "10"]
[EventCountry "DEN"]
[Source "ChessBase"]
[SourceDate "2015.09.14"]

1. e4 e6 2. d4 d5 3. Nd2 c5 4. exd5 Qxd5 5. Ngf3 cxd4 6. Bc4 Qd7 7. O-O Nc6 8.
Nb3 Nf6 9. Nbxd4 Nxd4 10. Nxd4 a6 11. Re1 Bc5 12. c3 b5 13. Bb3 Bb7 14. Bg5
Bxd4 15. cxd4 Nd5 16. Qg4 Rc8 17. h4 O-O 18. h5 f5 19. Qg3 Qf7 20. h6 Qg6 21.
hxg7 Rf7 22. Bh4 Rxg7 23. Qxg6 Rxg6 24. g3 Kf7 25. Rac1 Rxc1 26. Rxc1 Rg4 27.
f4 Rg8 28. Kf2 Rc8 29. Rxc8 Bxc8 30. Ke2 Ke8 31. Kd3 Bb7 32. a4 Kd7 33. axb5
axb5 34. Bd1 h6 35. Bh5 Bc6 36. Bf7 Bb7 37. Kc2 Bc6 38. Kb3 Bb7 39. Bh5 Bc6 40.
Be2 Kc7 41. Bh5 1/2-1/2

[Event "37. Copenhagen Open (Politiken Cup)"]
[Site "Elsinore"]
[Date "2015.08.02"]
[Round "10"]
[White "Haldorsen, Benjamin"]
[Black "Djurhuus, Eivind X"]
[Result "1/2-1/2"]
[WhiteElo "2302"]
[BlackElo "2149"]
[PlyCount "78"]
[EventDate "2015.07.25"]
[EventType "swiss"]
[EventRounds "10"]
[EventCountry "DEN"]
[Source "ChessBase"]
[SourceDate "2015.09.14"]

1. e4 c5 2. Nf3 e6 3. Nc3 Nc6 4. d4 cxd4 5. Nxd4 Qc7 6. Be3 a6 7. Qd2 Nf6 8.
O-O-O Be7 9. f3 b5 10. g4 Nxd4 11. Bxd4 Bb7 12. Kb1 O-O 13. h4 Rac8 14. g5 Nh5
15. Bh3 b4 16. Ne2 f5 17. gxf6 Bxf6 18. Bg4 Bxd4 19. Nxd4 Nf6 20. Rhg1 Qb6 21.
h5 Rc7 22. Qg5 Rf7 23. h6 Rc5 24. Qe3 Re5 25. hxg7 Bxe4 26. Qh6 Bg6 27. b3 Rxg7
28. Qf4 Nxg4 29. Rxg4 Rc5 30. Qf6 Rf7 31. Rxg6+ hxg6 32. Qxg6+ Kf8 33. Qh6+ Ke8
34. Rg1 Qd6 35. Rg8+ Rf8 36. Qg6+ Kd8 37. Qf6+ Ke8 38. Qg6+ Kd8 39. Qf6+ Ke8
1/2-1/2

[Event "37. Copenhagen Open (Politiken Cup)"]
[Site "Elsinore"]
[Date "2015.08.02"]
[Round "10"]
[White "Hammer, Jon Ludvig"]
[Black "Nisipeanu, Liviu Dieter"]
[Result "1/2-1/2"]
[WhiteElo "2677"]
[BlackElo "2654"]
[PlyCount "38"]
[EventDate "2015.07.25"]
[EventType "swiss"]
[EventRounds "10"]
[EventCountry "DEN"]
[Source "ChessBase"]
[SourceDate "2015.09.14"]

1. c4 e5 2. g3 Nc6 3. Bg2 f5 4. Nc3 Nf6 5. e3 e4 6. d3 Bb4 7. Nge2 d5 8. cxd5
Qxd5 9. dxe4 Qxd1+ 10. Kxd1 Bxc3 11. Nxc3 fxe4 12. Nxe4 Bg4+ 13. Kd2 O-O-O+ 14.
Kc3 Nd5+ 15. Kb3 Na5+ 16. Ka3 Nc4+ 17. Kb3 Na5+ 18. Ka3 Nc4+ 19. Kb3 Na5+
1/2-1/2

[Event "37. Copenhagen Open (Politiken Cup)"]
[Site "Elsinore"]
[Date "2015.08.02"]
[Round "10"]
[White "Hansen, Sune Berg"]
[Black "Tarjan, James Edward"]
[Result "1-0"]
[WhiteElo "2566"]
[BlackElo "2490"]
[PlyCount "81"]
[EventDate "2015.07.25"]
[EventType "swiss"]
[EventRounds "10"]
[EventCountry "DEN"]
[Source "ChessBase"]
[SourceDate "2015.09.14"]

1. d4 Nf6 2. Nf3 e6 3. c4 b6 4. e3 Bb7 5. Bd3 Be7 6. Nc3 d5 7. O-O O-O 8. cxd5
exd5 9. b3 Nbd7 10. Bb2 c5 11. Rc1 Bd6 12. Qe2 a6 13. Rfd1 Qe7 14. Bf5 Rad8 15.
Bh3 Rfe8 16. g3 c4 17. bxc4 dxc4 18. a4 Nd5 19. Nxd5 Bxd5 20. Rxc4 Qe4 21. Bg2
Bxc4 22. Qxc4 b5 23. axb5 Rc8 24. Qxf7+ Kxf7 25. Ng5+ Ke7 26. Nxe4 axb5 27.
Nxd6 Kxd6 28. Ba3+ Kc7 29. Rb1 Rb8 30. e4 Ra8 31. Bb4 Nb6 32. e5 Rad8 33. Rc1+
Kb8 34. Rc6 Nc4 35. Ra6 Kc7 36. Ra7+ Kc8 37. f4 Kb8 38. Bc5 Ne3 39. Bc6 Re6 40.
Bxb5 g6 41. Bd7 1-0

[Event "37. Copenhagen Open (Politiken Cup)"]
[Site "Elsinore"]
[Date "2015.08.02"]
[Round "10"]
[White "Haria, Ravi"]
[Black "Carlstedt, Jonathan"]
[Result "1-0"]
[WhiteElo "2261"]
[BlackElo "2460"]
[PlyCount "65"]
[EventDate "2015.07.25"]
[EventType "swiss"]
[EventRounds "10"]
[EventCountry "DEN"]
[Source "ChessBase"]
[SourceDate "2015.09.14"]

1. Nf3 Nf6 2. g3 d5 3. Bg2 Bf5 4. c4 c6 5. O-O h6 6. d3 dxc4 7. dxc4 Qxd1 8.
Rxd1 e6 9. Nc3 Bc2 10. Rd2 Bh7 11. a3 Nbd7 12. b4 Be7 13. Bb2 O-O 14. Rad1 Nb6
15. Ne5 Bd8 16. c5 Nbd5 17. b5 Ba5 18. bxc6 Nxc3 19. cxb7 Rab8 20. Bxc3 Bxc3
21. Nd7 Nxd7 22. Rxd7 Bc2 23. Rc1 Ba4 24. c6 Be5 25. Rc4 Bxc6 26. Rxc6 Rbe8 27.
f4 Bb8 28. e4 g5 29. e5 gxf4 30. gxf4 f6 31. f5 Bxe5 32. fxe6 Rb8 33. Bf3 1-0